LEADER 03802nam 2200637 a 450 001 9910455120203321 005 20200520144314.0 010 $a0-674-04205-0 024 7 $a10.4159/9780674042056 035 $a(CKB)1000000000786946 035 $a(EBL)3300478 035 $a(OCoLC)923111956 035 $a(MiAaPQ)EBC3300478 035 $a(DE-B1597)457731 035 $a(OCoLC)1037976078 035 $a(OCoLC)1043608767 035 $a(OCoLC)979746342 035 $a(DE-B1597)9780674042056 035 $a(Au-PeEL)EBL3300478 035 $a(CaPaEBR)ebr10318472 035 $a(EXLCZ)991000000000786946 100 $a20070124d2007 uy 0 101 0 $aeng 135 $aur|n|---||||| 181 $ctxt$2rdacontent 182 $cc$2rdamedia 183 $acr$2rdacarrier 200 00$aGrassroots political reform in contemporary China$b[electronic resource] /$fedited by Elizabeth J. Perry and Merle Goldman 210 $aCambridge, Mass. $cHarvard University Press$d2007 215 $a1 online resource (416 p.) 225 1 $aHarvard contemporary China series ;$v14 300 $aDescription based upon print version of record. 311 $a0-674-02486-9 320 $aIncludes bibliographical references (p. [327]-397). 327 $tIntroduction: Historical reflections on grassroots political reform in China /$rElizabeth J. Perry and Merle Goldman --$tVillage elections, transparency, and anticorruption : Henan and Guangdong provinces /$rRichard Levy --$tThe implementation of village elections and tax-for-fee reform in rural northwest China /$rJohn James Kennedy --$tFiscal crisis in China's townships : causes and consequences /$rJean C. Oi and Zhao Shukai --$tDirect township elections /$rLianjiang Li --$tThe struggle for village public goods provision : informal institutions of accountability in rural China /$rLily L. Tsai --$tInadvertent political reform via private associations : assessing homeowners' groups in new neighborhoods /$rBenjamin L. Read --$tCivil resistance and rule of law in China : the defense of homeowners' rights /$rYongshun Cai --$t"Hope for protection and hopeless choices" : labor legal aid in the PRC /$rMary E. Gallagher --$tIs labor a political force in China? /$rChing Kwan Lee --$tBetween defiance and obedience : protest opportunism in China /$rXi Chen --$tIn search of the grassroots : hydroelectric politics in northwest Yunnan /$rRalph Litzinger --$tPublic opinion supervision : possibilities and limits of the media in constraining local officials /$rYuezhi Zhao and Sun Wusan. 330 $aObservers often note the glaring contrast between China's economic progress and its stalled political reforms. This volume, written by experienced scholars, explores a range of grassroots efforts--initiated by the state and society alike--to restrain corrupt behavior and enhance the accountability of local authorities. While the authors offer varying views on the larger significance of these developments, their case studies point to a more dynamic Chinese political system than is often acknowledged. 410 0$aHarvard contemporary China series ;$v14. 606 $aPolitical participation$zChina 606 $aLocal government$zChina 606 $aProtest movements$zChina 607 $aChina$xPolitics and government$y1949- 608 $aElectronic books. 615 0$aPolitical participation 615 0$aLocal government 615 0$aProtest movements 676 $a320.951 686 $aMH 50086$2rvk 701 $aPerry$b Elizabeth J$0126366 701 $aGoldman$b Merle$0283436 801 0$bMiAaPQ 801 1$bMiAaPQ 801 2$bMiAaPQ 906 $aBOOK 912 $a9910455120203321 996 $aGrassroots political reform in contemporary China$92472725 997 $aUNINA LEADER 01750oam 2200517 450 001 9910154917803321 005 20230810001516.0 010 $a1-5124-2723-3 035 $a(CKB)3710000000972469 035 $a(DLC) 2016029188 035 $a(MiAaPQ)EBC5445482 035 $a(Au-PeEL)EBL5445482 035 $a(OCoLC)1010495818 035 $a(EXLCZ)993710000000972469 100 $a20160622h20172017 cy 1 101 0 $aeng 135 $aur||||||||||| 181 $2rdacontent 181 $2rdacontent 182 $2rdamedia 183 $2rdacarrier 200 12$aA different kind of Passover /$fby Linda Leopold-Strauss ; illustrated by Jeremy Tugeau 210 1$aMinneapolis :$cKar-Ben Publishing,$d[2017] 210 4$dİ2017 215 $a1 online resource$cillustrations 311 $a1-5124-0097-1 327 $aCover -- Front Flap -- Copyright Page -- Title Page -- Back Flap -- Back Cover. 330 $a"Passover at Grandma and Grandpa's house is a little different this year because Grandpa just got out of the hospital. But with a little help from Jessica and her family, Grandpa is still able to take part in the seder"--$cProvided by publisher. 606 $aPassover$vFiction 606 $aJudaism$xCustoms and practices$vFiction 606 $aFamily life$vFiction 606 $aGrandfathers$vFiction 615 1$aPassover 615 1$aJudaism$xCustoms and practices 615 1$aFamily life 615 1$aGrandfathers 676 $a[E] 700 $aStrauss$b Linda Leopold$01249011 702 $aTugeau$b Jeremy 801 0$bDLC 801 1$bDLC 801 2$bDLC 906 $aBOOK 912 $a9910154917803321 996 $aA different kind of Passover$92894585 997 $aUNINA